Výber talentovanej mládeže pre lyžovanie

Bibliographic Details
Main Authors: Hellebrandt, Vladimír, 1944- (Author), Havlíček, Ivo, 1931-2005 (Author), Chovanová, Eva (Author), Lukáčová, Hana (Author), Bezák, Jozef (Author), Martinák, Miloslav (Author), Šovčík, Pavel (Author)
Format: Book
Language:Slovak
Published: Bratislava Šport 1979
Edition:1. vyd.
Series:Metodické listy
Subjects:

MARC

LEADER 00000cam a2200000 a 4500
001 vtls001114934
003 SK-MaSNL
005 20260302064308.0
008 251029s1979 xo a 000 0 slo
015 |a SNBA1979 
035 |a SNK000057777 
035 |a urn:nbn:sk:snk-amju6o 
035 |a urn:nbn:sk:snk-am0080i4 
035 |a 17EF3E40-11B6-43A2-B0CB-EFEFCB7E64DB 
040 |a SNK  |b slo  |c SNK  |e AACR2 
041 0 |a slo 
044 |a xo  |c SK 
080 |a 796.92-053.67(024)  |2 1981 
100 1 |a Hellebrandt, Vladimír,  |d 1944-  |4 aut  |9 117156 
245 1 0 |a Výber talentovanej mládeže pre lyžovanie  |c Vladimír Hellebrandt a kol. 
250 |a 1. vyd. 
260 |a Bratislava  |b Šport  |c 1979 
300 |a 74 s.  |b sch., tab.  |c 29 cm 
366 |e 2000 výt. 
490 1 |a Metodické listy  |v zv. 32 
500 |a Vyd. pre SÚV ČSZTV 
650 0 7 |a lyžovanie  |2 SNKPH  |9 3256 
655 7 |a metodické príručky  |2 SNKPH  |9 70250 
700 1 |a Havlíček, Ivo,  |d 1931-2005  |4 aut  |9 27643 
700 1 |a Chovanová, Eva  |4 aut  |9 480939 
700 1 |a Lukáčová, Hana  |4 aut  |9 208279 
700 1 |a Bezák, Jozef  |4 aut  |9 286663 
700 1 |a Martinák, Miloslav  |4 aut  |9 726304 
700 1 |a Šovčík, Pavel  |4 aut  |9 726305 
830 0 |a Metodické listy  |9 280020 
852 |a Slovenská národná knižnica 
958 |a OND 
999 |c 1136866  |d 1138796 
952 |t P60, <04>, [BOOK], {604}  |a SNK  |b SNK  |y VYP  |7 0  |p 17A0178611  |o snkSB 27738 D1  |i snkkSP 1710/79  |0 0  |1 0  |4 0  |d 1999-02-02  |l 0  |r 2004-12-31 00:00:00  |w 2026-02-24 
952 |a SNK  |b SNK  |y PREZ  |7 0  |p 17A0971274  |o snkSB 27738  |i snkKSP 1709/79  |0 0  |1 0  |4 0  |d 2012-07-25  |f 1  |l 0  |r 2025-04-01 00:00:00  |w 2026-02-24